| 000 | 00613nam a2200205 i 4500 | ||
|---|---|---|---|
| 001 | 32708 | ||
| 003 | ES-MaACL | ||
| 005 | 20240522063033.0 | ||
| 007 | t| | ||
| 008 | 030131s1957 sp ||||1| spa d | ||
| 100 | 0 |
_aBenoit, Pierre, _d1886-1962 _927757 |
|
| 245 | 1 | 0 |
_aMadre y rival _b: novela / _cPierre Benoit ; [traducción de R. Ballester Escalas]. |
| 260 |
_aBarcelona : _bMateu, _c[1957] ( _fSaturno) |
||
| 300 |
_a253 p. ; _c19 cm. |
||
| 490 | 1 | _aPluma | |
| 700 | 1 |
_aBallester Escalas, R. _925014 |
|
| 830 | 1 |
_aPluma _9181962 |
|
| 852 |
_aES-MaACL _jC-14433 |
||
| 999 |
_c32708 _d32708 |
||